Statistics for Country borders 2

Click here to take the quiz!

General Stats

  • This quiz has been taken 91 times
  • The average score is 8 of 9

Answer Stats

The 9 Countries% Correct
Uganda
89%
Rwanda
88%
Angola
87%
South sudan
85%
Central african republic
83%
Burundi
82%
Congo
82%
Zambia
82%
Tanzania
81%

Score Distribution

Percentile by Number Answered

Percent of People with Each Score

Your Score History

You have not taken this quiz